| 000 | 00491nam a2200181Ia 4500 | ||
|---|---|---|---|
| 008 | 240925s9999 xx 000 0 und d | ||
| 020 | _a9788120313613 | ||
| 082 | _a629.892 YOS | ||
| 100 | _aYoshikawa, Tsuneo | ||
| 245 | 0 | _aFoundations of Robotics: analysis and control | |
| 250 | _aNA | ||
| 260 |
_aNew Delhi: _bPHI Learning _c,1990. |
||
| 300 |
_axxviii,589p. _bN.A _fPhotocopy |
||
| 500 | _aIncludes Index | ||
| 600 | _aElectronic Engineering | ||
| 650 | _aTechnology | ||
| 942 | _cBK | ||
| 999 |
_c11767 _d11767 |
||